000 00695nam a22002297i 4500
003 URS
336 _atext
_btxt
_2rdacontent
337 _aunmediated
_bn
_2rdamedia
338 _avolume
_bnc
_2rdacarrier
005 20220117095013.0
008 181206b ||||| |||| 00| 0 eng d
020 _a9789719676201
040 _beng
_erda
_cURS
050 0 0 _aQD 31.3
_bT21 2015
245 1 0 _aChemistry :
_bintroductory interactive approach /
_cJoydee P. Tayaban
250 _a1st edition.
264 1 _aMalabon City :
_bJimczyville Publications,
_c[2015]
264 4 _c©2015
300 _aviii, 282 pages :
_billustrations
_c26 cm.
500 _aIncludes references and index.
942 _2lcc
_cF
999 _c12039
_d12039